| 000 | 01274nam a2200289 4500 | ||
|---|---|---|---|
| 003 | DO-SdBNP | ||
| 005 | 20230418152228.0 | ||
| 007 | ta | ||
| 008 | 210414b2015 dr a|||| |||| 00| 0 spa d | ||
| 020 | 4 | _a9789945867381 | |
| 040 | 4 |
_aDO-SdBNP _bspa _cBNPHU |
|
| 082 | 4 |
_a628.15729356 _bD978c _222 |
|
| 100 | 1 |
_913188 _aDurán, Carmen |
|
| 245 | 1 | 0 |
_aCORAASAN en el centenario del primer acueducto de Santiago 1915-2015 : _bvida, agua, desarrollo sostenible y ciudadanía / _cCarmen Durán ; prólogo Héctor Jáquez ; edición Lillibel Blanco Fernández |
| 260 |
_aSantiago de los Caballeros, República Dominicana : _bMolina Composición, _c2015. |
||
| 300 |
_a221 p. : _bil. ; _c22 cm. |
||
| 500 | _aIncluye datos biográficos del autor en las solapas e índice onomástico | ||
| 500 | _aFotografía de portada : Alex Castro del Valle | ||
| 504 | _aBibliografía : p. 207-211 | ||
| 590 | _aInventariado, 2023/BT | ||
| 650 | 4 |
_aAcueducto _vSantiago de los Caballeros _y1915 _zRepública Dominicana _978852 |
|
| 650 | 4 |
_aAcueducto de Santiago _zRepública Dominicana _978853 |
|
| 650 | 4 |
_aAcueductos _ySiglo XVI _zRepública Dominicana _978854 |
|
| 650 | 4 |
_aAcueducto _xSantiago _ySiglo XIX - XX _zRepública Dominicana _978855 |
|
| 910 | _aBtavárez | ||
| 942 |
_2ddc _cLBS1 |
||
| 999 |
_c49729 _d49729 |
||